| 000 | 00604nam a2200217Ia 4500 | ||
|---|---|---|---|
| 003 | OSt | ||
| 005 | 20220926044416.0 | ||
| 006 | a|||||r|||| 00| 0 | ||
| 007 | ta | ||
| 008 | 220923b |||||||| |||| 00| 0 eng d | ||
| 037 | _cGeneral Book | ||
| 040 |
_aRTL _cRTL _beng |
||
| 041 |
_2eng _aeng |
||
| 082 | _aX613:54:3:N1, G5 | ||
| 100 |
_aBeach W Edwards _9349004 |
||
| 245 | 0 | _aBritish international gold movement and banking po | |
| 260 | _c1935 | ||
| 490 | _aHarvard Economic Studies, 48 | ||
| 942 |
_hX613:54:3:N1, G5 _cGB _2CC |
||
| 999 |
_c674824 _d674824 |
||